Random Geography Stuff 2 - Statistics

General Stats
  • This quiz has been taken 105 times
  • The average score is 8 of 10
Answer Stats
Hint Answer % Correct
What is the capital of France? Paris
100%
What is the biggest country by area? Russia
93%
How many countries are there? 196
90%
What continent has the SECOND highest population? Africa
86%
What is the only country that starts with O? Oman
86%
What's the longest river in the world? Amazon River
85%
How many states do the Appalachian Mountains go through? 13
82%
How many countries are in North America? 23
77%
What is the largest of the US great lakes? Lake Michigan
73%
How many countries are located entirely on islands? 47
58%
No matching quizzes found
Score Distribution
Percent of People with Each Score
Percentile by Number Answered
Your Score History
You have not taken this quiz